Normal view MARC view

Entry Nombre personal

Number of records used in: 1

001 - NÚMERO DE CONTROL

  • campo de control: 1030

003 - IDENTIFICADOR DE NÚMERO DE CONTROL

  • campo de control: DLC

005 - FECHA Y HORA DE LA ÚLTIMA TRANSACCIÓN

  • campo de control: 20260408082658.0

008 - ELEMENTOS DE DATO DE LONGITUD-FIJA

  • campo de control de longitud fija: 931014n| azannaabn |n aaa

010 ## - NÚMERO DE CONTROL DE LA BIBLIOTECA DEL CONGRESO

  • Número de control de LC: n 93100808

035 ## - NÚMERO DE CONTROL DEL SISTEMA

  • Número de control de sistema: (OCoLC)oca03475608

040 ## - FUENTE DE CATALOGACIÓN

  • Centro catalogador/agencia de origen: DLC
  • Lengua de catalogación: eng
  • Centro/agencia transcriptor: DLC
  • Centro/agencia modificador: DLC
  • Normas de descripción: rda
  • Centro/agencia modificador: DNLM

053 #0 - NÚMERO DE CLASIFICACIÓN LC

  • Número de clasificación–único número o número inicial del rango: PQ2673.I3394

100 1# - ENCABEZAMIENTO-NOMBRE DE PERSONA

  • Nombre de persona: Millot, Catherine

670 ## - FUENTE DE DATOS ENCONTRADOS

  • Cita de la fuente: Her Horsexe, c1990:
  • Información encontrada: t.p. (Catherine Millot)